000 01075nam a2200313 a 4500
001 000048594
003 DO-SdBPM
005 20250626065658.0
007 ta
008 190402s2017 dr 000 0 spa d
020 _a9789945864373
040 _aDO-SdBPM
_bspa
_cBPMSU
_drda
082 4 _a781.63097293
_bP328b 2017
_222
100 1 _aPaulino Ramos, Alejandro,
_d1951-
_eautor
100 z _a Ramos, Alejandro Paulino,
_d1951-
100 z _aPaulino R., Alejandro
_d1951-
_q(Paulino Ramos),
245 1 0 _aBachata y Son :
_ben la historia musical dominicana /
_cAlejandro Paulino Ramos.
260 _cSanto Domingo :
_bColegial Luz de Luna,
_c2010.
300 _a127 p. ;
_c20 cm.
336 _atexto
_btxt
_2rdacontent
337 _asin mediación
_bn
_2rdamedia
338 _avolumen
_bnc
_2rdacarrier
500 _aIncluye datos biográficos del autor en la contracubierta
590 _aInventariado, 2025/VM
650 7 _aMúsica popular
_zRepública Dominicana
650 7 _aBachatas
_xHistoria
910 _aVMateo V. Control de calidad. BPMSU
942 _2ddc
_cBK
999 _c15221
_d15221